Организационные и методологические аспекты повышения эффективности предвузовской подготовки иностранных студентов; Методология обучения и повышения эффективности академической, социально-культурной и психологической адаптации иностранных студентов в российском вузе: теоретические и прикладные аспекты; Т. 1

Dades bibliogràfiques
Parent link:Методология обучения и повышения эффективности академической, социально-культурной и психологической адаптации иностранных студентов в российском вузе: теоретические и прикладные аспекты: материалы Всероссийского семинара, 21-23 октября 2008 г./ Томский политехнический университет (ТПУ), Институт международного образования и языковой коммуникации (ИМОиЯК).— , 2008
Т. 1.— 2008.— С. 34-37
Autor principal: Гузарова Н. И. Надежда Ивановна
Idioma:rus
Publicat: 2008
Matèries:
Format: Capítol de llibre
KOHA link:https://koha.lib.tpu.ru/cgi-bin/koha/opac-detail.pl?biblionumber=155810

MARC

LEADER 00000naa2a2200000 4500
001 155810
005 20231031152643.0
035 |a (RuTPU)RU\TPU\book\168993 
090 |a 155810 
100 |a 20090319d2008 k y0rusy50 ca 
101 0 |a rus 
102 |a RU 
200 1 |a Организационные и методологические аспекты повышения эффективности предвузовской подготовки иностранных студентов  |f Н. И. Гузарова 
320 |a Библиогр.: 2 назв. 
461 1 |0 (RuTPU)RU\TPU\book\164988  |t Методология обучения и повышения эффективности академической, социально-культурной и психологической адаптации иностранных студентов в российском вузе: теоретические и прикладные аспекты  |o материалы Всероссийского семинара, 21-23 октября 2008 г.  |f Томский политехнический университет (ТПУ), Институт международного образования и языковой коммуникации (ИМОиЯК)  |d 2008 
463 0 |0 (RuTPU)RU\TPU\book\163844  |y 5-87307-070-9  |t Т. 1  |v С. 34-37  |d 2008  |p 365 с. 
610 1 |a иностранные студенты 
610 1 |a организация 
610 1 |a методология 
610 1 |a предвузовская подготовка 
610 1 |a социализация 
610 1 |a международное образование 
610 1 |a высшее образование 
610 1 |a труды учёных ТПУ 
700 1 |a Гузарова  |b Н. И.  |c историк  |c доцент Томского политехнического университета, кандидат исторических наук  |f 1955-  |g Надежда Ивановна  |2 stltpush  |3 (RuTPU)RU\TPU\pers\26631 
801 1 |a RU  |b 63413507  |c 20090319  |g PSBO 
801 2 |a RU  |b 63413507  |c 20160310  |g RCR 
942 |c BK